00898 a2200193 4500003000500000005001700005020002700022035001900049040000900068082001800077100002100095245006500116250001300181260003300194300002500227505039500252650004600647650001100693Nust20221019163117.0 a0-07-123262-1 (hft.) : a(Uk)0071232621 cNust04a620.00151,PAL1 aPalm, William J.10aIntroduction to MATLAB 7 for engineers cWilliam J. Palm III aInt. ed. aBoston :bMcGraw-Hill,c2005 axiii, 682 s. :bill. aAn Overview of Matlab (Page-3), Numeric Cell and Structure Arrays (Page-69), Functions and Files (Page-141), Programming with Matlab (Page-183), Advanced Ploting and Model Building (Page-259), Linear Algebric Equations (Page-359), Probability and Statistics and Interpolation (Page-417), Numercial Calculus and Differential Equations (Page-465), Symbolic Processing with Matlab (Page-585).  7aEngineering mathematicsxData processing. 7aMATLAB